| 000 -LEADER |
| fixed length control field |
00719nam a2200229 a 4500 |
| 001 - CONTROL NUMBER |
| control field |
2076 |
| 003 - CONTROL NUMBER IDENTIFIER |
| control field |
BD-DhUAP |
| 005 - DATE AND TIME OF LATEST TRANSACTION |
| control field |
20210118113515.0 |
| 008 - FIXED-LENGTH DATA ELEMENTS--GENERAL INFORMATION |
| fixed length control field |
210118s1994 ii a b 001 0 eng d |
| 020 ## - INTERNATIONAL STANDARD BOOK NUMBER |
| International Standard Book Number |
0074638661 |
| 040 ## - CATALOGING SOURCE |
| Original cataloging agency |
DLC |
| Transcribing agency |
DLC |
| Modifying agency |
DLC |
| -- |
BD-DhUAP |
| 082 00 - DEWEY DECIMAL CLASSIFICATION NUMBER |
| Edition number |
23 |
| Classification number |
005.133 SCH |
| 100 ## - MAIN ENTRY--PERSONAL NAME |
| Personal name |
Schildt, Herbert. |
| 245 ## - TITLE STATEMENT |
| Title |
Java : |
| Remainder of title |
programmer's reference / |
| Statement of responsibility, etc. |
Herbert Schildt ; with Jeo O'Neil. |
| 260 ## - PUBLICATION, DISTRIBUTION, ETC. |
| Place of publication, distribution, etc. |
New Delhi : |
| Name of publisher, distributor, etc. |
Tata McGrawHill, |
| Date of publication, distribution, etc. |
©1997 [Reprinted 1999]. |
| 300 ## - PHYSICAL DESCRIPTION |
| Extent |
xi, 462 pages : |
| Other physical details |
illustrations ; |
| Dimensions |
21 cm. |
| 500 ## - GENERAL NOTE |
| General note |
Includes indexes. |
| 650 ## - SUBJECT ADDED ENTRY--TOPICAL TERM |
| Topical term or geographic name entry element |
Internet programming. |
| 650 ## - SUBJECT ADDED ENTRY--TOPICAL TERM |
| Topical term or geographic name entry element |
Java (Computer program language). |
| 942 ## - ADDED ENTRY ELEMENTS (KOHA) |
| Source of classification or shelving scheme |
|
| Koha item type |
Book |